000 00330nam a22001457a 4500
008 210527b ||||| |||| 00| 0 eng d
020 _a9781305103702
041 _aeng
080 _22nd
_a371
082 _a371
100 _a46
101 _aEDU
245 _aFusion Integrated Reading and Writing
_cKemper,
942 _2udc
_cBK
999 _c57713
_d57713